Understanding Contemporary Issues in India/ (Record no. 89556)
[ view plain ]
| 000 -LEADER | |
|---|---|
| fixed length control field | 00419nam a22001577a 4500 |
| 005 - DATE AND TIME OF LATEST TRANSACTION | |
| control field | 20141022104710.0 |
| 010 ## - LCCN (DPL NO) | |
| LC control number | BAC-EN21 |
| 020 ## - INTERNATIONAL STANDARD BOOK NUMBER | |
| Terms of availability | 595.00 |
| 037 ## - SOURCE OF ACQUISITION | |
| Stock number | dpl |
| Source of stock number/acquisition | PBD |
| 245 ## - TITLE STATEMENT | |
| Title | Understanding Contemporary Issues in India/ |
| Statement of responsibility, etc | compiled by Vivek S.Raj |
| 250 ## - EDITION STATEMENT | |
| Edition statement | 8th rev.ed |
| 260 ## - PUBLICATION, DISTRIBUTION, ETC. (IMPRINT) | |
| Place of publication, distribution, etc | New Delhi |
| Name of publisher, distributor, etc | Civil Services Times |
| Date of publication, distribution, etc | 2015 |
| 300 ## - PHYSICAL DESCRIPTION | |
| Extent | 839p. |
| Dimensions | 20cm(pbk) |
| 942 ## - ADDED ENTRY ELEMENTS (KOHA) | |
| Source of classification or shelving scheme | Dewey Decimal Classification |
| Item type | English Books |
No items available.
